Country Tripoints - 20 Initial Letters Combinations - Statistics

General Stats
  • This quiz has been taken 94 times
    79 since last reset
  • The average score is 44 of 60
Answer Stats
INITIALS ANSWER % Correct
AIT: one of three sets present 3 times Iran
85%
AIT: one of three sets present 3 times Iran
85%
AIT: one of three sets present 3 times Iran
85%
All vowels Iran
85%
IJS: one of three sets present 3 times Iraq
85%
IJS: one of three sets present 3 times Iraq
85%
IJS: one of three sets present 3 times Jordan
85%
IJS: one of three sets present 3 times Jordan
85%
IJS: one of three sets present 3 times Jordan
85%
IJS: one of three sets present 3 times Syria
85%
IJS: one of three sets present 3 times Syria
85%
KTU: one of three sets present 3 times Uzbekistan
85%
KTU: one of three sets present 3 times Uzbekistan
85%
IJS: one of three sets present 3 times Israel
83%
KTU: one of three sets present 3 times Tajikistan
83%
KTU: one of three sets present 3 times Turkmenistan
83%
AIT: one of three sets present 3 times Turkmenistan
83%
AIT: one of three sets present 3 times Turkmenistan
83%
KTU: one of three sets present 3 times Uganda
83%
2nd highest value (59) Uganda
83%
AIT: one of three sets present 3 times Afghanistan
81%
KTU: one of three sets present 3 times Kenya
81%
KTU: one of three sets present 3 times Tanzania
81%
2nd highest value (59) Tanzania
81%
2nd highest value (59) Tanzania
81%
All vowels Armenia
79%
AIT: one of three sets present 3 times Azerbaijan
79%
AIT: one of three sets present 3 times Azerbaijan
79%
All vowels Azerbaijan
79%
KTU: one of three sets present 3 times Kazakhstan
79%
AIT: one of three sets present 3 times Turkey
79%
KTU: one of three sets present 3 times Kyrgyzstan
77%
Highest value of A + B + C: 65 Zambia
77%
2nd highest value (59) Zambia
77%
Highest value of A + B + C: 65 Zimbabwe
77%
5th highest value (58) Zimbabwe
77%
Highest value of A + B + C: 65 Mozambique
74%
5th highest value (58) Mozambique
74%
2nd highest value (59) Saudi Arabia
74%
7th highest value (55) Saudi Arabia
74%
IJS: one of three sets present 3 times Saudi Arabia
74%
7th highest value (55) United Arab Emirates
74%
2nd highest value (59) Oman
72%
7th highest value (55) Oman
72%
2nd highest value (59) Yemen
70%
2nd highest value (59) Malawi
68%
2nd highest value (59) Rwanda
68%
5th highest value (58) South Africa
68%
A + 1 = B = C - 1 Argentina
55%
A = B = C Chad
55%
A + 1 = B = C - 1 Bolivia
53%
A + 1 = B = C - 1 Chile
53%
6th highest value (56) Ukraine
51%
6th highest value (56) Poland
47%
A = B = C Cameroon
45%
A = B = C Central African Republic
45%
6th highest value (56) Slovakia
45%
C - A = 1 Ethiopia
34%
C - A = 1 Eritrea
30%
C - A = 1 Djibouti
28%
No matching quizzes found
Score Distribution
Percent of People with Each Score
Percentile by Number Answered
Your Score History
You have not taken this quiz since the last reset